| 000 | 00619cam a2200205 4500500 | ||
|---|---|---|---|
| 005 | 20260405003505.0 | ||
| 041 | _afre | ||
| 042 | _adc | ||
| 100 | 1 | 0 |
_aEnjalbert, Cédric _eauthor |
| 245 | 0 | 0 | _a“Toyen. L’écart absolu”. Toyen d’honneur |
| 260 | _c2022. | ||
| 500 | _a78 | ||
| 690 | _aAnnie Le Brun | ||
| 690 | _aPeinture | ||
| 690 | _aRationalité | ||
| 690 | _aSurréalisme | ||
| 690 | _aTchèque | ||
| 786 | 0 | _nPhilosophie magazine | 158 | 4 | 2022-04-01 | p. 78-78 | 1951-1787 | |
| 856 | 4 | 1 | _uhttps://shs.cairn.info/magazine-philosophie-magazine-2022-4-page-78?lang=fr&redirect-ssocas=7080 |
| 999 |
_c2068062 _d2068062 |
||